000 00408nam a2200181Ia 4500
005 20250423101549.0
008 250422s9999 xx 000 0 und d
020 _a9781546964
050 _aPR 9387.9 .S45 .T73/
100 _aSeinde, Arogbofa
245 0 _aTrapped
260 _aIbadan
260 _bUniversity press ltd
260 _c1998
300 _a45 p
650 _aLiterature
942 _cBK
999 _c36649
_d36649